|
|
|
|
| LEADER |
00000nam0a2200000 4500 |
| 001 |
160928 |
| 005 |
20231031155742.0 |
| 035 |
|
|
|a (RuTPU)RU\TPU\book\174522
|
| 090 |
|
|
|a 160928
|
| 100 |
|
|
|a 20090601d1963 km y0rusy50 ca
|
| 101 |
0 |
|
|a rus
|
| 102 |
|
|
|a RU
|
| 105 |
|
|
|a a z 001zy
|
| 200 |
1 |
|
|a Радиация и химическая защита
|f Е. Ф. Романцев
|
| 210 |
|
|
|a Москва
|c Госатомиздат
|d 1963
|
| 215 |
|
|
|a 207 с.
|c ил.
|
| 320 |
|
|
|a Библиография в конце глав.
|
| 610 |
1 |
|
|a радиация
|
| 610 |
1 |
|
|a химическая защита
|
| 610 |
1 |
|
|a радиобиология
|
| 610 |
1 |
|
|a протекторы
|
| 610 |
1 |
|
|a противолучевые препараты
|
| 610 |
1 |
|
|a структурные изомеры
|
| 610 |
1 |
|
|a амины
|
| 610 |
1 |
|
|a нитрат натрия
|
| 610 |
1 |
|
|a радиотерапия
|
| 675 |
|
|
|a 539.16
|v 3
|
| 675 |
|
|
|a 621.384:620.4
|v 3
|
| 700 |
|
1 |
|a Романцев
|b Е. Ф.
|g Евгений Федорович
|
| 801 |
|
1 |
|a RU
|b 63413507
|c 20090601
|g PSBO
|
| 801 |
|
2 |
|a RU
|b 63413507
|c 20210223
|g RCR
|
| 942 |
|
|
|c BK
|